| 000 | 00354nam a2200121Ia 4500 | ||
|---|---|---|---|
| 008 | 230907s9999||||xx |||||||||||||| ||und|| | ||
| 082 |
_a620.14 _bEVA |
||
| 100 |
_a: Evans, James W. _9115405 |
||
| 245 | 4 | _aThe production and processing of inorganic materials / | |
| 260 |
_aTMS Publications, _bPennsylvania : _c2002 |
||
| 300 | _axiv, 532 p. | ||
| 942 | _cBK | ||
| 999 |
_c598330 _d598330 |
||